EPIC: The Musical Characters by First Appearance - Statistics

General Stats
  • This quiz has been taken 272 times
  • The average score is 20 of 27
Answer Stats
Hint Answer % Correct
Apollo God Games
91%
Circe Puppeteer
90%
Scylla Scylla
90%
Odysseus The Horse and the Infant
90%
Hephaestus God Games
89%
Aphrodite God Games
89%
Ares God Games
89%
Hera God Games
88%
Polyphemus Polyphemus
88%
Athena Warrior of the Mind
88%
Hermes Wouldn't You Like
88%
Polites Full Speed Ahead
87%
Eurylochus Full Speed Ahead
86%
Calypso Love in Paradise
86%
Zeus The Horse and the Infant
86%
Aeolus Keep Your Friends Close
84%
Tiresias No Longer You
81%
Antinous Legendary
78%
Anticlea The Underworld
65%
Poseidon Keep Your Friends Close
63%
Eurymachus Odysseus
54%
Penelope Keep Your Friends Close
53%
Amphinomus Odysseus
52%
Telemachus Keep Your Friends Close
48%
Melanthius Odysseus
48%
Perimedes Storm
25%
Elpenor Storm
25%
No matching quizzes found
Score Distribution
Percent of People with Each Score
Percentile by Number Answered
Your Score History
You have not taken this quiz